00632nam a2200205Ki 450000100060000000300060000600500170001200800410002903500200007004000130009008200170010310000490012024501070016925000110027626000460028730000210033350000280035465000220038271000220040423461GBCCL20241126110412.0790522s1954 ilu 001 0 eng d a(OCoLC)04988865 aCDCcCDC a236.076bBRO1 aBrooks, Keith L.q(Keith Leroy),d1888-1954.10aProphetic questions answered /cby the editors of Prophecy Monthly ; Keith L. Brooks, editor in chief. a3d ed. aWheaton, Ill. :bVan Kampen Press,c1954. a165 p. ;c20 cm. aIncludes topical index. 0aEnd of the world.20aProphecy monthly.